| 000 | 00515nam a2200205Ia 4500 | ||
|---|---|---|---|
| 003 | OSt | ||
| 005 | 20230607104112.0 | ||
| 008 | 210423s2003 xx 000 0 und d | ||
| 040 | _cAL | ||
| 041 | _aeng | ||
| 082 |
_a307.76 SANU _223 |
||
| 100 |
_aSANDHU (Ranvinder Singh) _9121212 |
||
| 245 | _aUrbanization in india | ||
| 260 |
_bSage Publications _c2003 |
||
| 365 |
_b330 _cINR |
||
| 650 |
_aSociology _9121213 |
||
| 650 |
_aUrban Communities _9121214 |
||
| 906 | _aindia ; Urbanization | ||
| 942 |
_2ddc _cBK |
||
| 999 |
_c173844 _d173844 |
||